Curso de derecho civil : Derecho de Familia /

Guardado en:
Autor Principal: Lafaille, Héctor
Formato: Libro
Idioma:Spanish
Publicado: Buenos Aires : Ariel, 1930
Etiquetas: Agregar Etiqueta
Sin Etiquetas, Sea el primero en etiquetar este registro!
LEADER 00377nam a22001215a 4500
001 DER.der012450
005 20160909000000.0
008 180615s1930####||||||||||||||||||||spa||
100 1 |a Lafaille, Héctor 
245 1 0 |a Curso de derecho civil :  |b Derecho de Familia /  |c Héctor Lafaille 
260 |a Buenos Aires :  |b Ariel,  |c 1930 
300 0 |a 585 p. 
859 |a DERECHO  |b BIB. DERECHO  |h 346.015  |i LAF  |p 003254